| 000 | 00000nam##2200000za#4500 |
| 001 | 9.630519 |
| 003 | CaOODSP |
| 005 | 20210624213858 |
| 007 | cr ||||||||||| |
| 008 | 150407|2000||||xxc|||||o f|0| 0 fre|d |
| 020 | |a0-662-85268-0 |
| 040 | |aCaOODSP|bfre |
| 043 | |an-cn--- |
| 086 | 1 |aCH24-1/2000-1F-IN |
| 110 | 1 |aCanada.|bPatrimoine canadien. |bSport Canada. |
| 245 | 13|aLa pratique des sports au Canada : |h[ressource électronique]|brapport de 1998 |
| 260 | |aOttawa - Ontario : |bPatrimoine canadien. |cc2000. |
| 300 | |a79p.|bgraphiques, références, tableaux |
| 590 | |a12-14-Supp|b2012-04-10 |
| 775 | 08|tSport participation in Canada : |w(CaOODSP)9.685943 |
| 776 | 0#|tSport participation in Canada, 1998 report |w(CaOODSP)9.662325 |
| 776 | 0#|tLa pratique des sports au Canada, rapport de 1998 |w(CaOODSP)9.662326 |
| 856 | 40|ahttp://publications.gc.ca|qPDF|s2.77 Mo|uhttps://publications.gc.ca/collections/Collection/CH24-1-2000-1F.pdf |